<?xml version="1.0" encoding="UTF-8"?>
<record
    xmlns:xsi="http://www.w3.org/2001/XMLSchema-instance"
    xsi:schemaLocation="http://www.loc.gov/MARC21/slim http://www.loc.gov/standards/marcxml/schema/MARC21slim.xsd"
    xmlns="http://www.loc.gov/MARC21/slim">

  <leader>01626nam a2200253Ia 4500</leader>
  <controlfield tag="003">OSt</controlfield>
  <controlfield tag="005">20241021150642.0</controlfield>
  <controlfield tag="008">200731s9999    xx            000 0 und d</controlfield>
  <datafield tag="020" ind1=" " ind2=" ">
    <subfield code="a">7532543242</subfield>
  </datafield>
  <datafield tag="020" ind1=" " ind2=" ">
    <subfield code="a">9787532543243</subfield>
  </datafield>
  <datafield tag="040" ind1=" " ind2=" ">
    <subfield code="c">0</subfield>
  </datafield>
  <datafield tag="041" ind1=" " ind2=" ">
    <subfield code="a">chi</subfield>
  </datafield>
  <datafield tag="050" ind1=" " ind2=" ">
    <subfield code="a">DS755</subfield>
    <subfield code="b">.T66 2006</subfield>
  </datafield>
  <datafield tag="100" ind1=" " ind2=" ">
    <subfield code="a">&#x848B;&#x5EF7;&#x9EFB;</subfield>
  </datafield>
  <datafield tag="245" ind1=" " ind2=" ">
    <subfield code="a">&#x4E2D;&#x56FD;&#x8FD1;&#x4EE3;&#x53F2;</subfield>
    <subfield code="b"> /</subfield>
    <subfield code="c">&#x848B;&#x5EF7;&#x9EFB;</subfield>
  </datafield>
  <datafield tag="246" ind1=" " ind2=" ">
    <subfield code="a">&#x4E2D;&#x570B;&#x8FD1;&#x4EE3;&#x53F2;</subfield>
    <subfield code="b">/</subfield>
  </datafield>
  <datafield tag="260" ind1=" " ind2=" ">
    <subfield code="a">&#x4E0A;&#x6D77;:</subfield>
    <subfield code="b">&#x4E0A;&#x6D77;&#x53E4;&#x7C4D;&#x51FA;&#x7248;&#x793E;,</subfield>
    <subfield code="c">2006</subfield>
  </datafield>
  <datafield tag="300" ind1=" " ind2=" ">
    <subfield code="a">2, 93 p.</subfield>
    <subfield code="b">;</subfield>
    <subfield code="c">21 cm.</subfield>
  </datafield>
  <datafield tag="505" ind1=" " ind2=" ">
    <subfield code="a">&#x672C;&#x4E66;&#x662F;&#x4E00;&#x90E8;&#x4E2D;&#x56FD;&#x8FD1;&#x4EE3;&#x5386;&#x53F2;&#x901A;&#x8BC6;&#x8BFB;&#x672C;&#xFF0C;&#x7531;&#x8457;&#x540D;&#x53F2;&#x5B66;&#x5BB6;&#x848B;&#x5EF7;&#x9EFB;&#x5148;&#x751F;&#x64B0;&#x5199;&#x3002;&#x5168;&#x4E66;&#x4EE5;&#x4E2D;&#x56FD;&#x7684;&#x8FD1;&#x4EE3;&#x5316;&#x4E3A;&#x7EBF;&#x7D22;&#xFF0C;&#x4ECE;&#x9E26;&#x7247;&#x6218;&#x4E89;&#x5199;&#x8D77;&#xFF0C;&#x6D0B;&#x52A1;&#x8FD0;&#x52A8;&#x3001;&#x767E;&#x65E5;&#x7EF4;&#x65B0;&#x3001;&#x8F9B;&#x4EA5;&#x9769;&#x547D;&#xFF0C;&#x4E00;&#x76F4;&#x5199;&#x5230;&#x6297;&#x65E5;&#x6218;&#x4E89;&#x524D;&#x5915;&#xFF0C;&#x8FD1;&#x767E;&#x5E74;&#x7684;&#x53F2;&#x4E8B;&#x771F;&#x5B9E;&#x3001;&#x51C6;&#x786E;&#x3001;&#x5BA2;&#x89C2;&#x5730;&#x5C55;&#x73B0;&#x5728;&#x8BFB;&#x8005;&#x773C;&#x524D;&#x3002;&#x66FE;&#x56FD;&#x85E9;&#x3001;&#x6D2A;&#x79C0;&#x5168;&#x3001;&#x674E;&#x9E3F;&#x7AE0;&#x3001;&#x5EB7;&#x6709;&#x4E3A;&#x3001;&#x5B59;&#x4E2D;&#x5C71;&#xFF0C;&#x4F5C;&#x54C1;&#x5BF9;&#x8FD1;&#x4EE3;&#x53F2;&#x4E0A;&#x8FD9;&#x4E9B;&#x98CE;&#x4E91;&#x4EBA;&#x7269;&#x7684;&#x547D;&#x8FD0;&#x3001;&#x8BA4;&#x77E5;&#x4E0E;&#x6289;&#x62E9;&#xFF0C;&#x540C;&#x6837;&#x8FDB;&#x884C;&#x4E86;&#x97AD;&#x8F9F;&#x5165;&#x91CC;&#x7684;&#x4E66;&#x5199;&#xFF0C;&#x5145;&#x6EE1;&#x4E86;&#x667A;&#x6167;&#x548C;&#x6D1E;&#x89C1;&#x3002;&#x4F5C;&#x54C1;&#x8BA4;&#x4E3A;&#x4E2D;&#x56FD;&#x4EBA;&#x80FD;&#x5426;&#x8FD1;&#x4EE3;&#x5316;&#x5C06;&#x5173;&#x7CFB;&#x56FD;&#x5BB6;&#x5174;&#x4EA1;&#xFF0C;&#x610F;&#x5728;&#x901A;&#x8FC7;&#x7814;&#x7A76;&#x6BCF;&#x4E2A;&#x65F6;&#x671F;&#x5185;&#x5BF9;&#x5E1D;&#x56FD;&#x4E3B;&#x4E49;&#x7684;&#x62B5;&#x6297;&#x65B9;&#x6848;&#xFF0C;&#x5206;&#x6790;&#x8FD1;&#x4EE3;&#x4EBA;&#x6240;&#x505A;&#x7684;&#x81EA;&#x5F3A;&#x52AA;&#x529B;&#x53CA;&#x5176;&#x5931;&#x8D25;&#x7684;&#x539F;&#x56E0;&#xFF0C;&#x8FDB;&#x800C;&#x63D0;&#x51FA;&#x201C;&#x8FD1;&#x4EE3;&#x5316;&#x7684;&#x56FD;&#x9632;&#x4E0D;&#x4F46;&#x9700;&#x8981;&#x8FD1;&#x4EE3;&#x5316;&#x7684;&#x4EA4;&#x901A;&#x3001;&#x6559;&#x80B2;&#x3001;&#x7ECF;&#x6D4E;&#xFF0C;&#x5E76;&#x4E14;&#x9700;&#x8981;&#x8FD1;&#x4EE3;&#x5316;&#x7684;&#x653F;&#x6CBB;&#x548C;&#x56FD;&#x6C11;&#xFF0C;&#x534A;&#x65B0;&#x534A;&#x65E7;&#x662F;&#x4E0D;&#x4E2D;&#x7528;&#x7684;&#x201D;&#x3002;&#x672C;&#x4E66;&#x5F15;&#x9886;&#x4E86;&#x8FD1;&#x4EE3;&#x53F2;&#x7814;&#x7A76;&#x7684;&#x98CE;&#x6F6E;&#xFF0C;&#x4E3A;&#x540E;&#x6765;&#x7684;&#x7814;&#x7A76;&#x8005;&#x6240;&#x63A8;&#x5D07;&#xFF0C;&#x88AB;&#x79F0;&#x4E3A;&#x8FD1;&#x4EE3;&#x4E2D;&#x56FD;&#x53F2;&#x7814;&#x7A76;&#x7684;&#x5F00;&#x5C71;&#x4E4B;&#x4F5C;&#x3002;</subfield>
  </datafield>
  <datafield tag="650" ind1=" " ind2=" ">
    <subfield code="a">China -- History -- 19th century.</subfield>
  </datafield>
  <datafield tag="650" ind1=" " ind2=" ">
    <subfield code="a">China -- History -- 20th century.</subfield>
  </datafield>
  <datafield tag="650" ind1=" " ind2=" ">
    <subfield code="a">Chinese language materials.</subfield>
  </datafield>
  <datafield tag="942" ind1=" " ind2=" ">
    <subfield code="2">ddc</subfield>
    <subfield code="c">CB</subfield>
  </datafield>
  <datafield tag="952" ind1=" " ind2=" ">
    <subfield code="0">0</subfield>
    <subfield code="1">0</subfield>
    <subfield code="4">0</subfield>
    <subfield code="7">0</subfield>
    <subfield code="a">GETS</subfield>
    <subfield code="b">GETS</subfield>
    <subfield code="c">GEN</subfield>
    <subfield code="d">2020-07-09</subfield>
    <subfield code="l">0</subfield>
    <subfield code="o">DS755 .T66 2006&#xA0;</subfield>
    <subfield code="p">00000204</subfield>
    <subfield code="r">2020-07-09 00:00:00</subfield>
    <subfield code="w">2020-07-09</subfield>
    <subfield code="y">CB</subfield>
  </datafield>
  <datafield tag="999" ind1=" " ind2=" ">
    <subfield code="c">204</subfield>
    <subfield code="d">204</subfield>
  </datafield>
</record>
